000 00388nam a2200157Ia 4500
001 68312
008 150819s9999 xx 000 0 und d
020 _a058236664X
040 _cPK-LaUMT
082 _aRCC 478
_bECC-
245 _aECCE Romani a Latin reading program
_bmeeting the family
260 _aNew York, USA:
_bLongman,
_c1984
300 _a111 p.
546 _aEN
942 _cBK
999 _c74344
_d74344